000 01106nam a2200325 a 4500
005 20180803164941.0
008 140303b xx a||||r|||| 00| 0 spa d
040 _aCO-BoIAVH
_cCO-BoIAVH
041 0 _aspa
044 _ack
082 0 4 _a583.69
_bM61m
100 1 _aMeza Baltazar, Elsa N.
_eautora
245 1 3 _aEl manejo sostenible de sangre de drago o sangre de grado :
_bmaterial educativo /
260 _a[s.l.]:
_b[s.e.],
_c[s.f.].
300 _a25 páginas :
_bilustraciones ;
_c28 x 22 cm.
500 _aIncluye anexos
650 2 4 _aSangre de drago
_xuso vsostenible
650 2 6 _aViveros forestales
650 2 6 _aRecursos forestales
650 2 4 _aConocimiento tradicional
650 2 6 _aEtnobotánica
700 1 _aCastañel, Miguel
_eautor
700 1 _aAyala, Franklin
_eautor
700 1 _aBorges, José Roberto
_eautor
700 1 _aKing, Steven R.
_eautor
700 1 _aOrtíz, Alonso
_eautor
700 1 _aPeña, Marino
_eautor
700 1 _aForero, Luis Eduardo
_eautor
942 _cLIBRO
_2ddc
999 _c1920
_d1920